Statistiques concernant Pays les plus proches de Suisse

Cliquez ici pour prendre le quiz!

Statistiques générales

  • Ce quiz a été pris 297 fois
  • Le résultat moyen est 18 sur 20

Statistiques - réponses

kmpays% Correct
0Allemagne
100%
0France
100%
0Italie
100%
0Autriche
98%
0Liechtenstein
96%
254Belgique
95%
468Espagne
93%
227Luxembourg
91%
539Pologne
91%
370Pays-Bas
90%
224Slovénie
90%
316Tchèquie
90%
515Vatican
90%
236Monaco
89%
261Croatie
88%
428Hongrie
88%
310Saint-Marin
87%
504Slovaquie
87%
515Andorre
85%
439Bosnie-Herzégovine
76%

Distribution des résultats

Percentile par nombre de réponses

% des personnes avec chaque résultat

Votre développement - résultats

Vous n’avez pas pris ce quiz